[Event "Alushta"]
[Site "Alushta"]
[Date "1993.??.??"]
[Round "?"]
[White "Dragomarezkij, Evgeni"]
[Black "Ibragimov, Ildar"]
[Result "1/2-1/2"]
[WhiteElo "2465"]
[BlackElo "2540"]
[Annotator "Belov,I"]
[PlyCount "105"]
[EventDate "1993.??.??"]
[EventType "tourn"]
[EventRounds "9"]
[EventCountry "UKR"]
[EventCategory "10"]
[SourceTitle "CBM 036"]
[Source "ChessBase"]
[SourceDate "1993.10.01"]
[SourceVersion "1"]
[SourceVersionDate "1993.10.01"]
[SourceQuality "1"]

1. c4 e5 2. Nf3 d6 (2... e4 3. Nd4 Nc6 4. e3 Nf6 5. Nxc6 dxc6 6. d4 Bf5 7. Nc3
Qd7 8. h3 h5 9. Qa4 a6 $10 {Okelly,A-Portish,L Palma de Mallorca 1966 Inf 2/20/
}) 3. Nc3 f5 4. g3 $5 (4. d4 e4 5. Ng5 c6 6. Nh3 Be7 7. g3 Nf6 8. Bg2 $14) 4...
Nf6 (4... Na6 5. d3 c6 6. Bg2 Nf6 7. O-O Be7 8. Rb1 O-O 9. b4 Nc7 10. b5 c5 11.
Bb2 Ne6 $13 {Vaganian,R-Kovalev,A Tilburg 1992 Inf 56/26/}) 5. Bg2 Be7 6. O-O
O-O 7. d4 (7. d3 c6 8. c5 $5 Na6 9. cxd6 Bxd6 10. Nd2 Be6 $10) 7... e4 8. Ne1
c6 9. d5 (9. Nc2 d5 10. cxd5 Nxd5 $1 $10) 9... Nbd7 10. Nc2 Ne5 11. b3 c5 $10
12. f3 $1 exf3 13. exf3 Ne8 14. f4 Ng6 (14... Nf7 $5 15. Bb2 Bf6 16. Rb1 g6 {
/\Bg7,Nf6,Re8/}) 15. Bb2 Bf6 16. Rb1 (16. Qd2 Bd7 17. Rae1 b5 18. Nd1 bxc4 19.
bxc4 Rb8 $13) 16... Bd7 17. a3 Nc7 18. b4 b6 19. Qd2 (19. bxc5 $5 bxc5 20. Ba1
Rb8 21. Qd2 Na8 $1 {/\Nb6/}) 19... Re8 20. Bf3 Nf8 21. Ne2 (21. bxc5 bxc5 22.
Ne2 Rb8 23. Bxf6 Qxf6 $10) 21... Bxb2 22. Rxb2 Qf6 23. Rfb1 (23. Nc3 $5 Na6 24.
Re1 $14) 23... Na6 $1 24. Nc3 (24. bxc5 $6 Nxc5 25. Ned4 Ne4 $15) 24... Re7 25.
Re1 Rxe1+ (25... Rae8 26. Rbb1 {/\ 27.b5 Nc7 28.a4/}) 26. Qxe1 h6 27. h4 Nh7 (
27... g5 28. hxg5 hxg5 29. Qd2 Nh7 30. Ne3 $14) 28. Qd2 Rc8 29. Ne3 g6 (29...
g5 30. hxg5 hxg5 31. Ne2) 30. Ne2 Re8 31. Kf2 Qg7 $1 (31... g5 32. hxg5 hxg5
33. Rb1 {/\34.Rh1+/=/}) 32. Rb1 Nf6 33. Nc3 Re7 $1 34. b5 Nc7 35. a4 g5 36.
hxg5 hxg5 37. Qd3 Qg6 38. Rh1 (38. a5 Nce8 39. axb6 axb6 40. Ra1 Ng7 41. Ra6 $6
gxf4 42. gxf4 Ngh5 $17) 38... Nce8 39. fxg5 Qxg5 40. Rh4 (40. Ne2 Ne4+ 41. Bxe4
fxe4 42. Qc3 Nf6 $13) 40... Ng7 41. Ne2 Ngh5 42. Ng2 (42. Bxh5 $6 Nxh5 43. Ng2
Nf6 44. Ngf4 Ne4+ $17) 42... Be8 43. Bxh5 Bxh5 (43... Nxh5 $6 44. Ngf4 Nf6 45.
Ne6 $16) 44. Nef4 (44. Ngf4 Bxe2 $1) 44... Ne4+ 45. Kg1 Nxg3 $6 46. Kh2 Re3 $1
$8 47. Rxh5 (47. Qxe3 Nf1+ 48. Kh1 Nxe3 49. Rxh5 Qg3 $17) 47... Qxh5+ 48. Nxh5
Rxd3 49. Nxg3 f4 (49... Rc3 $6 50. Nxf5 Rxc4 51. Nxd6 Rxa4 52. Ne3 $16) 50. Nf5
Rd2 51. Kh3 Rd3+ 52. Kh2 (52. Kg4 $6 f3 53. Nge3 f2 54. Kf3 $2 f1=Q+) 52... Rd2
53. Kh3 1/2-1/2

[Event "Leuven GCT rapid"]
[Site "Leuven"]
[Date "2016.06.18"]
[Round "7"]
[White "Topalov, Veselin"]
[Black "So, Wesley"]
[Result "0-1"]
[WhiteElo "2761"]
[BlackElo "2770"]
[Annotator "Besenthal,K"]
[PlyCount "56"]
[EventDate "2016.06.17"]
[EventType "tourn (rapid)"]
[EventRounds "9"]
[EventCountry "BEL"]
[EventCategory "22"]
[SourceTitle "CBM 173"]
[Source "ChessBase"]
[SourceDate "2016.07.12"]
[SourceVersion "1"]
[SourceVersionDate "2016.07.12"]
[SourceQuality "1"]

1. c4 g6 2. e4 e5 3. d4 Nf6 4. dxe5 Nxe4 5. Qd4 Nc5 6. Nc3 {Diagramm [#]} ({
Diese vollkommen ungebräuchliche Variante wurde schon vor langer Zeit
"erfunden":} 6. Nf3 Nc6 7. Qe3 Ne6 8. Nc3 d6 9. Bd2 dxe5 10. Nxe5 Nxe5 11. Qxe5
Bg7 12. Qg3 O-O 13. O-O-O a6 14. h4 h5 15. Bg5 Qe8 16. Nd5 Qa4 17. Qb3 Qxb3 18.
axb3 f6 19. Be3 f5 20. g3 c5 21. Bg2 Kh7 22. Rhe1 Rb8 23. Nb6 f4 24. Bd2 fxg3
25. Nxc8 Nd4 26. Ne7 Rxf2 27. Be4 Nxb3+ 28. Kc2 Nd4+ 29. Kb1 Nb3 30. Bxg6+ Kh8
31. Bc1 Nxc1 32. Kxc1 Bxb2+ 33. Kb1 Bd4 34. Nf5 Rg8 35. Nxd4 Rxg6 36. Ne6 g2
37. Ng5 Rxg5 38. hxg5 h4 39. Kc1 Kg7 40. Re7+ Kg6 41. Re6+ Kxg5 42. Re8 h3 43.
Rg8+ Kf4 44. Rf8+ Kg3 45. Rd3+ Kg4 46. Rg8+ Kf5 47. Rxh3 Rf1+ 48. Kb2 g1=Q 49.
Rh5+ {1/2-1/2 (49) Ree,H (2480)-Ribli,Z (2505) Wijk aan Zee 1973}) 6... Ne6 7.
Qe4 Bg7 8. Be3 Nc6 9. f4 O-O 10. O-O-O d6 {Diagramm [#] Das sieht komisch aus 
(gegenüber z.B. b7-b6), aber die schwarzen Figuren stehen extrem gut und die
Königsstellung des Nachziehenden ist sicher - genügend Gründe, um einen
Bauern ins Geschäft zu stecken.} 11. c5 Ne7 12. cxd6 cxd6 13. Rxd6 Qc7 14. g4
Nc5 15. Qc4 b6 16. Bxc5 bxc5 17. h3 $6 (17. Qe2 {war besser.}) 17... Rb8 18.
Qe2 Rb4 {Schwarz hat genügend Kompensation für den Bauern.} 19. Qd2 $6 (19.
Bg2 $1) 19... Rd4 20. Rxd4 $6 (20. Nb5 $1) 20... cxd4 21. Qxd4 Rd8 22. Qf2 $2 (
22. Qa4 {war etwas besser. Falls jetzt} Nd5 {so} 23. Qc4) 22... Nd5 23. Nge2
Nb4 24. Kb1 Nd3 25. Qh4 Bb7 26. Rh2 Rb8 27. b3 Nxf4 28. Nxf4 Qxc3 0-1

[Event "Olympiad-23"]
[Site "Buenos Aires"]
[Date "1978.10.27"]
[Round "3"]
[White "Portisch, Lajos"]
[Black "Timman, Jan H"]
[Result "1-0"]
[WhiteElo "2630"]
[BlackElo "2585"]
[Annotator "Bukic,E"]
[PlyCount "75"]
[EventDate "1978.10.25"]
[EventType "team-swiss"]
[EventRounds "14"]
[EventCountry "ARG"]
[SourceTitle "EXT 2002"]
[Source "ChessBase"]
[SourceDate "2001.11.25"]
[SourceVersion "1"]
[SourceVersionDate "2001.11.25"]
[SourceQuality "1"]
[WhiteTeam "Hungary"]
[BlackTeam "Netherlands"]
[WhiteTeamCountry "HUN"]
[BlackTeamCountry "NED"]

{Inf.26/13} 1. c4 g6 2. e4 e5 3. d4 Nf6 4. Nf3 $1 Nxe4 $6 (4... Bb4+ 5. Bd2
Bxd2+ 6. Qxd2 Nxe4 7. Qe3 d5 8. dxe5 Nc6 9. Na3 $1 Bf5 10. Nc2 Ng5 $6 11. Nxg5
Bxc2 12. e6 Bf5 13. exf7+ Kf8 14. O-O-O $16 {Portisch,L-Sax,G,Rio de Janeiro
izt 1979}) (4... exd4 $142 $5 5. e5 Bb4+ 6. Bd2 Qe7 7. Bxb4 Qxb4+ 8. Qd2 Qxd2+
9. Nbxd2 Ng8 10. Nxd4 f6 $10 {Malich}) 5. Bd3 $1 d5 (5... Bb4+ 6. Kf1 $1 $16 d5
$2 7. Qa4+ Nc6 8. Nxe5 $40) 6. O-O $40 Nd6 $1 $8 7. dxe5 Nxc4 8. Bxc4 $1 dxc4
9. Qa4+ c6 (9... Nc6 10. Rd1 $16) 10. Rd1 $1 (10. Qxc4 Be6 11. Qc2 Nd7 $14)
10... Qc7 11. Qxc4 Be6 12. Qh4 $1 {><f6} Nd7 (12... Be7 13. Bg5 $16) 13. Nc3
Be7 (13... Nxe5 $2 14. Ng5 $1 {(/\Bf4,Ne6,Qf6)} Bg7 (14... Be7 15. Bf4 Qa5 16.
Qg3 $18 {->}) (14... Qe7 15. Nce4 Bg7 16. Nd6+ Kf8 17. Nxh7+ Rxh7 18. Qxh7 Rd8
19. Bh6 $18) 15. Nxe6 fxe6 16. Ne4 $40) 14. Bg5 Bxg5 15. Qxg5 (15. Nxg5 $6
O-O-O $8 16. f4 Qb6+ 17. Qf2 Qxf2+ 18. Kxf2 Nc5 $132) 15... h6 16. Qe3 $14 Qb6
17. Rd4 $1 O-O-O 18. b4 $1 Qc7 19. Rc1 (19. a4 $5 $36) 19... Kb8 20. a4 Nb6 $1
21. b5 Nd5 (21... c5 $2 22. Rxd8+ Rxd8 23. Qxh6 $16) (21... Rxd4 22. Qxd4 Rd8
23. Qe3 $16) 22. Nxd5 Bxd5 23. bxc6 Bxc6 24. Rxd8+ (24. Rdc4 $5 Qb6 (24... Qa5
$5) 25. Nd4 Bd5 26. Rc5 $14) 24... Rxd8 25. Nd4 Qd7 $2 (25... Qb6 $1 26. Nxc6+
(26. Rd1 $2 Bxa4) 26... bxc6 27. Qxh6 (27. Qe4 Rd2 28. Rb1 Kc7 $1 $17) 27...
Qd4 $132) 26. Rd1 $1 {[/\Nc6]} Ka8 (26... Bxa4 $5 27. Nc6+ Bxc6 28. Rxd7 Rxd7
29. h4 h5 30. e6 $16) 27. Rd2 $1 {[/\Nb5,Nc6]} b6 (27... Bxa4 28. Nb5 $18) 28.
a5 $1 Re8 (28... bxa5 $2 29. Nxc6 $18) 29. axb6 Bb7 (29... axb6 30. Qa3+ (30.
Nb5) 30... Kb8 31. Nb5 $1 $18) 30. h3 $1 g5 (30... axb6 31. Qb3 $1 {(/\Qb6)}
Rxe5 (31... Qd5 $2 32. Qa4+) (31... b5 32. Nxb5 $1 Qxd2 33. Qa4+ Kb8 34. Qa7+
Kc8 35. Nd6+ Kd7 36. Qxb7+ Ke6 37. Qxf7+ $18 Kxe5 38. Nxe8) 32. Qxb6 Re1+ (
32... Qa4 33. Ne6 $3 $18) 33. Kh2 Rh1+ 34. Kg3 $1 $8 Ra1 35. Nb3 $18) 31. Qa3
$18 a6 32. Qd6 Qa4 (32... Qxd6 33. exd6 Rd8 34. Nb3 Kb8 35. Nc5 $18 {/\Re2-e7})
33. e6 Qa1+ 34. Kh2 Qf1 (34... Qe1 35. Nb5 $1) 35. f3 Qc4 36. e7 Qc8 37. Rc2
Qb8 38. Rc7 {[/\Nc6]} 1-0

[Event "Bugojno"]
[Site "Bugojno"]
[Date "1978.03.03"]
[Round "5"]
[White "Ljubojevic, Ljubomir"]
[Black "Byrne, Robert Eugene"]
[Result "1-0"]
[WhiteElo "2605"]
[BlackElo "2550"]
[Annotator "Bulletin"]
[PlyCount "93"]
[EventDate "1978.02.27"]
[EventType "tourn"]
[EventRounds "15"]
[EventCountry "YUG"]
[EventCategory "14"]
[SourceTitle "MCL"]
[Source "ChessBase"]
[SourceDate "1999.07.01"]
[SourceVersion "1"]
[SourceVersionDate "1999.07.01"]
[SourceQuality "1"]

1. c4 e6 2. Nc3 f5 3. Nf3 Nf6 4. d3 d5 (4... Be7 5. g3 O-O 6. Bg2 d5 7. O-O c6
8. e4 dxe4 9. dxe4 fxe4 10. Qxd8 Rxd8 11. Ng5 e5 12. Ngxe4 $14 {
Korchnoi-Bronstein, USSR-ch 1965}) 5. cxd5 exd5 6. Bg5 Be7 7. g3 c6 8. Bg2 O-O
9. O-O Na6 (9... a5) 10. a3 Nc5 11. b4 Ne6 12. Qb3 a6 (12... Nxg5 13. Nxg5 h6
14. Nh3 Kh7 $14) 13. Bd2 Kh8 14. Rae1 $5 Bd7 (14... Qe8) (14... Qc7) 15. Ne5
Ng4 (15... Bd6) (15... Be8) 16. Nxd7 Qxd7 17. e3 Rae8 (17... d4 $10 18. Na4
dxe3 $1) 18. Ne2 $1 Bd6 $6 (18... d4 $5) (18... Bf6) 19. h3 Nf6 20. Bc3 $16 Qf7
$6 (20... Qc7 {/\Be5/Nd7}) 21. Qb2 h5 $2 $16 22. f4 $1 Nc7 (22... h4 $1) 23.
Nd4 Qg6 24. a4 $1 Re7 (24... Qxg3 $2 25. Nxf5 $18) 25. Qf2 Rfe8 26. Nf3 Nd7 27.
Nh4 Qh7 $2 (27... Qf7 28. g4 hxg4 29. hxg4 fxg4 30. f5 {31.f6}) 28. Qd2 (28. g4
hxg4 29. hxg4 fxg4 30. f5 g3) 28... c5 29. e4 $1 fxe4 30. dxe4 cxb4 31. Bxb4
Bxb4 32. Qxb4 dxe4 33. f5 Nf8 34. Rxe4 Rxe4 35. Bxe4 Qh6 36. Bxb7 Qg5 37. Qd6
Qe7 38. Qxe7 Rxe7 39. Rc1 Kg8 40. Bf3 Kf7 41. Rc6 $1 Rd7 42. Bxh5+ Ke7 43. Be2
Ne8 44. Rxa6 Rd2 45. Kf2 Nd6 46. Ke3 Rb2 47. Bd3 1-0

[Event "DDR-ch 38th"]
[Site "Zittau"]
[Date "1989.02.19"]
[Round "8"]
[White "Espig, Lutz"]
[Black "Knaak, Rainer"]
[Result "1/2-1/2"]
[WhiteElo "2465"]
[BlackElo "2470"]
[Annotator "Bulletin"]
[PlyCount "58"]
[EventDate "1989.02.12"]
[EventType "tourn"]
[EventRounds "13"]
[EventCountry "DDR"]
[EventCategory "7"]
[SourceTitle "CBM 012"]
[Source "ChessBase"]
[SourceDate "1989.10.01"]
[SourceVersion "1"]
[SourceVersionDate "1989.10.01"]
[SourceQuality "1"]

1. Nf3 e6 2. g3 f5 3. Bg2 Nf6 4. O-O d5 5. c4 c6 6. d3 Be7 7. b3 O-O 8. Bb2 Na6
$5 {N} 9. a3 Bd7 10. Qc2 Be8 11. e3 Bh5 12. Nc3 $14 Qe8 13. Ne2 Bd6 14. Ne5 Nd7
15. Nxd7 Qxd7 16. Nf4 Bxf4 17. exf4 Rad8 18. Be5 {18.b4+/=; Espig} dxc4 19.
dxc4 Nc5 $10 20. b4 $1 Qd3 21. Qxd3 Nxd3 22. Bc3 Rfe8 23. b5 $1 cxb5 24. cxb5
Rd7 25. Ra2 Rc8 26. Bd2 Be2 27. Rb1 Nc1 $1 28. Rab2 Nd3 (28... Bxb5 29. Bxb7 $1
) 29. Ra2 Nc1 {Kommentare von Rainer Knaak} 1/2-1/2

[Event "BCF-ch 82nd"]
[Site "Swansea"]
[Date "1995.??.??"]
[Round "9"]
[White "Thompson, Ian D"]
[Black "Howell, James C"]
[Result "0-1"]
[WhiteElo "2310"]
[BlackElo "2525"]
[Annotator "Bulletin"]
[PlyCount "92"]
[EventDate "1995.08.??"]
[EventType "swiss"]
[EventRounds "11"]
[EventCountry "WLS"]
[SourceTitle "EXT 1997"]
[Source "ChessBase"]
[SourceDate "1996.11.15"]
[SourceVersion "1"]
[SourceVersionDate "1996.11.15"]
[SourceQuality "1"]

1. c4 g6 2. Nc3 Bg7 3. g3 e5 4. Bg2 f5 5. e3 d6 6. Nge2 Nf6 7. O-O O-O 8. Rb1
c6 9. d3 Be6 10. b4 d5 11. cxd5 cxd5 12. d4 e4 13. Qb3 Nbd7 14. Na4 b6 15. b5
g5 16. f4 exf3 17. Bxf3 Ne4 18. Nac3 Ndf6 19. Nxe4 fxe4 20. Bg2 Qd7 21. Ba3 Rf7
22. Rbc1 Bf8 23. Rc6 Ng4 24. h3 Rxf1+ 25. Bxf1 Nh6 26. g4 Qf7 27. Ng3 Bxa3 28.
Qxa3 Qf3 29. Kh2 Bxg4 {[#]} 30. Bg2 Qf2 31. Qe7 (31. hxg4 Nxg4+ 32. Kh3 Nxe3)
31... Qxg3+ $1 {[#]} 32. Kxg3 Nf5+ 33. Kxg4 Nxe7 34. Rc7 Kf7 35. h4 gxh4 36.
Kxh4 a6 37. a4 axb5 38. axb5 Ra3 39. Rb7 Rxe3 40. Rxb6 Ng6+ 41. Kg4 h5+ 42.
Kxh5 Nf4+ 43. Kg5 Nxg2 44. Kf5 Rf3+ 45. Ke5 e3 46. Rb7+ Kg6 0-1

[Event "Sigeman & Co 04th"]
[Site "Malmo"]
[Date "1996.??.??"]
[Round "4"]
[White "Miles, Anthony John"]
[Black "Agrest, Evgenij"]
[Result "1-0"]
[WhiteElo "2635"]
[BlackElo "2485"]
[Annotator "Bykhovsky,Av"]
[PlyCount "123"]
[EventDate "1996.06.??"]
[EventType "tourn"]
[EventRounds "9"]
[EventCountry "SWE"]
[EventCategory "12"]
[SourceTitle "CBM 054"]
[Source "ChessBase"]
[SourceDate "1996.10.01"]
[SourceVersion "1"]
[SourceVersionDate "1996.10.01"]
[SourceQuality "1"]

1. c4 {Hecht} f5 2. g3 Nf6 3. Nc3 d6 4. Bg2 c6 5. e3 g6 6. Nge2 Bg7 7. O-O O-O
8. d3 Na6 (8... a5 $5 9. b3 e5 10. Bb2 Na6 11. Qd2 Re8 12. Rae1 Qc7 13. e4 Nc5
14. Kh1 Bd7 15. f4 Rad8 $13 {Poldauf,D-Reefschlaeger,H/GER/1995/1:0/28/}) 9. a3
Nc7 10. b4 e5 11. Bb2 {N/} (11. Rb1 d5 12. cxd5 cxd5 13. Qb3 Be6 14. d4 e4 15.
b5 b6 16. a4 g5 $15 {Kolbus,D-Anka,E/Budapest/1994/0,5/48/}) 11... Kh8 12. Qd2
Be6 13. f4 Qe7 14. a4 Rfe8 15. b5 Qd7 16. Rae1 Rad8 17. Qc1 Bg8 18. Qa1 e4 (
18... Re6 $13) 19. Nxe4 $5 fxe4 (19... Ng4 20. Nf6 Nxf6 21. Bxf6 Rxe3 22. Nc1
$16) 20. Bxf6 exd3 21. bxc6 bxc6 22. Bxg7+ $2 (22. Bxc6 $1 $18) 22... Qxg7 23.
Qxg7+ Kxg7 24. Nd4 Bxc4 (24... d2 $1 $15) 25. Rc1 d5 26. Rfd1 Rd6 (26... Rxe3
27. Nxc6 $146) 27. e4 $6 c5 $2 (27... dxe4 28. Rxc4 Nd5 $19) 28. exd5 Nxd5 (
28... Bxd5 29. Rxd3 Bxg2 30. Nf5+ $18) 29. Bxd5 $1 Bxd5 30. Nb5 Rd7 31. Rxd3 c4
32. Rxd5 $1 $18 Rxd5 33. Nc7 Red8 34. Nxd5 Rxd5 35. Rxc4 {Hecht: fragliche
Verteidigung mit eingeklemmtem sK; ab Zug 52 elementar gewonnen mit T+g+h vs
T+unbedeutendem a-Bauer} Kh6 (35... Rd7 $5 {Hecht  Bauchlage}) (35... h5 $6 {
Hecht} 36. Rc7+ Kh6 37. Rxa7 Rd1+ 38. Kg2 Rd2+ 39. Kh3 Ra2 {aktive Verteidigung
} 40. g4 hxg4+ 41. Kg3 {Zugzwang!} Ra1 42. Kxg4 {Gewinn? Analyse! Idee: h4 -
Ta8 - Ba4-->a7 - h5 gefolgt von f5-f6-f7}) (35... Ra5 $5 {Hecht  Teilaktivität,
schränkt aber den sT stark ein}) 36. Kg2 Rd2+ 37. Kh3 Ra2 38. g4 a5 39. Rc7 (
39. Kg3 {Hecht} Kg7 $14) 39... g5 40. fxg5+ Kg6 (40... Kxg5 {Hecht} 41. Rc5+
Kg6 42. Rxa5 Kg7 43. Kg3 Ra3+ 44. Kf4 Ra2 (44... Rh3 45. Rh5 Ra3 46. a5 $18)
45. h4 Ra1 46. Ra7+ Kg8 47. a5 Rf1+ 48. Kg5 Rh1 49. h5 Rc1 50. a6 Rc5+ 51. Kh4
Ra5 52. h6 Ra1 53. Rg7+ Kh8 54. Rb7 Kg8 55. a7 $18) 41. Rc6+ Kg7 42. Rc4 Kg6
43. Kg3 Ra3+ 44. Kh4 Kg7 45. Rc7+ Kg6 46. Rc6+ Kg7 47. Ra6 Rxa4 48. Kh5 Ra2 49.
h4 {[#]} Rc2 50. g6 Rc5+ 51. g5 hxg6+ 52. Rxg6+ Kh7 53. Ra6 Kg7 54. Ra7+ Kg8
55. Kh6 Rc6+ 56. g6 Rc8 57. Rxa5 Rb8 58. h5 Rc8 59. Kg5 Kh8 60. h6 Rg8 61. Rf5
Ra8 62. h7 (62. h7 {Hecht} Kg7 63. Rf7+ Kh8 64. Kh6 $18) 1-0

[Event "Tashkent FIDE GP"]
[Site "Tashkent"]
[Date "2014.10.31"]
[Round "9"]
[White "Jakovenko, Dmitrij"]
[Black "Mamedyarov, Shakhriyar"]
[Result "0-1"]
[WhiteElo "2747"]
[BlackElo "2764"]
[Annotator "CB"]
[PlyCount "72"]
[EventDate "2014.10.21"]
[EventType "tourn"]
[EventRounds "11"]
[EventCountry "UZB"]
[EventCategory "21"]
[SourceTitle "CBM 163"]
[Source "ChessBase"]
[SourceDate "2014.11.11"]
[SourceVersion "1"]
[SourceVersionDate "2014.11.11"]
[SourceQuality "1"]

1. Nf3 f5 {This move-order is usually not recommended, maybe Mamedyarov had
some plan.} 2. c4 (2. d3 {is supposed to be annoying for Black as e4 is
usually strong.}) 2... Nf6 3. g3 g6 4. b4 d6 5. d4 Bg7 6. Bb2 e5 7. dxe5 Nfd7
8. Bg2 dxe5 (8... Nc6 {is more common b ut scores horribly. The text move is
not usually seen.}) 9. O-O Qe7 10. e4 O-O 11. b5 {Overall Jakovenko can be
very happy with the opening. He has a good amount of space on the queenside,
pressure against a potentially weak e5 pawn and Mamedyarov has yet to develop
any sort of counterattack.} Nc5 12. Nc3 Be6 13. Nd5 Qd6 14. Ng5 Nbd7 15. Ba3 (
15. Nxe6 Nxe6 16. exf5 gxf5 17. Ne3 f4 18. Qxd6 cxd6 19. Bd5 $14) 15... Bf7 16.
Qc2 c6 17. Nb4 a5 18. Rad1 Qf6 19. Nd3 Qxg5 20. Nxc5 Nxc5 21. Bxc5 Rfd8 22. Bb6
Rdc8 23. exf5 Qxf5 24. Be4 {After the small tactical melee White still retains
some advantage with control over the d-file and a blockade against e5. He does
have to be careful about opening the c-file, though.} Qe6 25. bxc6 bxc6 26. c5
$2 {This move is just very strange.} (26. Rc1 $14) 26... Qxa2 27. Qxa2 Bxa2 28.
Rd6 Bc4 {perhaps in time pressure Jakovenko forgot that the bishop can return
in time to defend c6. Now White suffers material losses.} 29. Rb1 (29. Ra1 Bb5
30. Rxa5 Rxa5 31. Bxa5 Bf8 $17) 29... a4 $1 {Very powerful. Because the rook
is on b1 this advance of the pawn is too fast.} (29... Bb5 $2 30. Rxb5 cxb5 31.
Bxa8 Rxa8 32. c6 {is, in fact, losing for Black.}) 30. Rxc6 a3 31. Rxc8+ Rxc8
32. c6 a2 33. Ra1 Bf8 34. c7 Bd6 {The rook is pinned down to defending against
Black's promotion and it cannot help the c7 pawn.} 35. Bb7 Bxc7 36. Bxc8 Bxb6 {
Bd4 is unstoppable, and the game is over.} (36... Bxb6 37. Ba6 Bf7 (37... Bxa6
38. Rxa2 {makes things unnecessarily complicated.})) 0-1

[Event "Buenos Aires"]
[Site "Buenos Aires"]
[Date "1980.??.??"]
[Round "?"]
[White "Panno, Oscar"]
[Black "Kavalek, Lubomir"]
[Result "1-0"]
[WhiteElo "2540"]
[BlackElo "2600"]
[Annotator "Chekhov,V"]
[PlyCount "83"]
[EventDate "1980.10.15"]
[EventType "tourn"]
[EventRounds "13"]
[EventCountry "ARG"]
[EventCategory "13"]
[SourceTitle "MCL"]
[Source "ChessBase"]
[SourceDate "1999.07.01"]
[SourceVersion "1"]
[SourceVersionDate "1999.07.01"]
[SourceQuality "1"]

1. c4 g6 2. e4 e5 3. Ne2 (3. Nf3 $5) 3... Bg7 (3... c5 $5) 4. d4 exd4 (4... d6
5. dxe5 dxe5 6. Qxd8+ Kxd8 7. Nbc3 c6 8. Bg5+ Kc7 $13) 5. Nxd4 Nf6 6. Bd3 O-O
7. O-O Re8 8. Nc3 (8. Re1 d6 9. Nc3 Ng4 10. Nf3 Ne5 11. h3 Be6 $10 {Raikovic,
D-Hartston,W/Hastings/1971/}) 8... c6 9. Nc2 Na6 (9... d5 10. cxd5 cxd5 11. Bb5
) 10. Ne3 Nc5 11. f3 a6 (11... d6 $5 $13 {/\ a5}) 12. Kh1 b5 13. Be2 d5 $6 (
13... d6 14. a3 {/\ Rb1,b4}) 14. cxd5 b4 15. Na4 (15. Nb1 cxd5 16. exd5 Bb7 17.
Bc4 Qd6 $44) 15... Nxa4 16. Qxa4 cxd5 17. Bb5 axb5 (17... Re7 18. Nxd5 Nxd5 19.
exd5 Qxd5 (19... Bb7 20. Bc6) 20. Bc6 Qc4 21. Bg5) 18. Qxa8 dxe4 19. fxe4 Nxe4
20. Qc6 (20. Qd5 $5) 20... Bd4 (20... Bd7 $5 21. Qd5 Qe7) 21. Qxb5 Re5 22. Qe2
Qh4 23. Qf3 $16 Be6 24. Qf4 Qd8 25. a4 $1 g5 26. Qf3 f5 27. Nc2 $1 Nf2+ 28.
Rxf2 Bd5 $6 (28... Bxf2 29. Bxg5 Qxg5 30. Qxf2 {/\ a5-a6}) 29. Qg3 Bxf2 30.
Qxe5 $18 Qa8 31. Ne3 Be4 32. b3 {/\ Bb2} Bxe3 33. Bxe3 Bxg2+ 34. Kg1 Bh3 35.
Qe6+ Kg7 36. Bd4+ Kf8 37. Qf6+ Ke8 38. Qh8+ Kd7 39. Qxa8 Ke6 40. Re1+ Kd6 41.
Qd8+ Kc6 42. Re6+ 1-0

[Event "Buenos Aires"]
[Site "Buenos Aires"]
[Date "1980.??.??"]
[Round "?"]
[White "Giardelli, Sergio Carlos"]
[Black "Larsen, Bent"]
[Result "0-1"]
[WhiteElo "2300"]
[BlackElo "2590"]
[Annotator "Chekhov,V"]
[PlyCount "97"]
[EventDate "1980.10.15"]
[EventType "tourn"]
[EventRounds "13"]
[EventCountry "ARG"]
[EventCategory "13"]
[SourceTitle "MCL"]
[Source "ChessBase"]
[SourceDate "1999.07.01"]
[SourceVersion "1"]
[SourceVersionDate "1999.07.01"]
[SourceQuality "1"]

1. c4 g6 2. g3 Bg7 3. Bg2 Nc6 4. Nc3 d6 5. d3 f5 6. e3 Nf6 7. Nge2 O-O 8. O-O
Kh8 (8... e5 $5 9. Rb1 a5 10. a3 g5 $13) 9. Rb1 a5 10. b3 (10. a3 $5) 10... Bd7
(10... e5 $5) 11. Bb2 Rb8 $6 (11... e5) 12. Qd2 e5 13. Nd5 Nh5 14. f4 Be6 15.
Kh1 (15. Rbe1 $5) 15... Qd7 16. d4 $5 (16. Rbe1 $5) (16. Rf2 {/\Rbf1/} e4)
16... exf4 (16... e4 17. Nxc7 Qxc7 18. d5 Bg8 19. dxc6 bxc6 20. Bxg7+ Nxg7 21.
Rfd1 $14) (16... exd4 17. Nxd4 Bg8 18. e4 $14) 17. Ndxf4 (17. exf4 Bg8 {/\Rbe8/
}) 17... Nxf4 18. Nxf4 (18. exf4 d5 19. Nc3 dxc4 20. d5 Bg8) 18... Bg8 19. e4
$16 fxe4 20. Bxe4 Rbe8 21. Bg2 Re7 22. d5 Ne5 23. Bh3 (23. Qxa5 $5 Ng4 24.
Bxg7+ Rxg7 25. Qc3) 23... Qe8 24. Qe2 $6 (24. Qxa5 $5 g5 25. Ne6 Rxf1+ 26. Rxf1
Qh5 27. Bg2 Ng4 $140 28. Bxg7+ Rxg7 29. h3) 24... b5 25. Be6 (25. cxb5 $5 g5 (
25... Rxf4 26. Rxf4 Bxd5+ 27. Bg2) 26. Ne6 Rxf1+ 27. Rxf1) 25... g5 26. Nh5
Rxf1+ 27. Rxf1 Bxe6 28. Nxg7 (28. dxe6 Rxe6 29. Nxg7 Kxg7 30. cxb5) 28... Bxd5+
$1 29. cxd5 Kxg7 30. Rf5 h6 31. h4 gxh4 32. gxh4 Kh7 33. Rf6 $6 (33. h5 {/\Qe4/
}) 33... Ng6 $1 34. Re6 (34. Qd3 Re1+ 35. Kg2 Qe2+) 34... Rxe6 35. dxe6 Qe7 $6
(35... Nxh4 36. Qc2+ (36. Qe4+ Ng6) 36... Kg8 $1 37. Qxc7 $140 Qa8+ $19) 36.
Qe4 $2 (36. h5 $1 Qh4+ 37. Kg1 Qg3+ 38. Kf1 Ne5 (38... Nf4 39. Qe4+ Kg8 40.
Qa8+ $18) 39. Bxe5 dxe5 40. e7 Qh3+ (40... Qf4+ 41. Qf2 Qc1+ 42. Qe1) 41. Kg1
Qg3+ (41... Qe6 $2 42. Qe4+ Kg7 43. Qg6+ $18) 42. Kf1 Qh3+ $10) 36... d5 $1 (
36... h5 37. Kg1 $1 {/\Qf5/}) 37. Qxd5 (37. Qg4 Nxh4 {/\Ng6/}) 37... Qxh4+ 38.
Kg1 Qe1+ 39. Kh2 Qe2+ 40. Qg2 Qxe6 $19 41. Qc2 Qd6+ 42. Kg1 c5 43. Qc3 Qc7 44.
Ba3 $2 c4 (44... b4 $19) 45. bxc4 bxc4 46. Bb2 Qf7 47. Qf6 $6 (47. Qxa5 Nf4 {
/\Qg6/}) 47... Qxf6 48. Bxf6 Nf4 49. Kf2 0-1